000 00474nam a2200193Ia 4500
005 20231223095956.0
008 131103s9999 xx 000 0 und d
040 _aLoreto College
041 _aEnglish
082 _a891.21
_bBAN
100 _aKrishnamurti,K.
245 _aBanabhatta,
_cK.Krishnamurti
260 _aNew Delhi
_bSahitya Acadamy
_c1978
300 _a89 p.
650 _aHindi Fiction
651 _aFiction - Hindi
850 _aLCLIB
942 _cBK
999 _c17968
_d68447